IFM Opac

Selecting Materials for Libraries (Record no. 19144)

MARC details
000 -LEADER
fixed length control field 00326nam a22001337a 4500
020 ## - INTERNATIONAL STANDARD BOOK NUMBER
International Standard Book Number 0824206592
082 ## - DEWEY DECIMAL CLASSIFICATION NUMBER
Classification number 025.21 BRO
100 ## - MAIN ENTRY--PERSONAL NAME
Personal name Broadus N. Robert
245 ## - TITLE STATEMENT
Title Selecting Materials for Libraries
260 ## - PUBLICATION, DISTRIBUTION, ETC.
Place of publication, distribution, etc. NEW YORK
Name of publisher, distributor, etc. THE H. W. WILSON COMPANY
Date of publication, distribution, etc. 1981
300 ## - PHYSICAL DESCRIPTION
Extent x,469p
Other physical details ill.;22cm
500 ## - GENERAL NOTE
General note INDEX
942 ## - ADDED ENTRY ELEMENTS (KOHA)
Koha item type Books
Holdings
Withdrawn status Lost status Damaged status Not for loan Home library Current library Shelving location Date acquired Total Checkouts Full call number Barcode Date last seen Price effective from Koha item type
        IFM Main Campus Library IFM Main Campus Library Archival Collection 05/15/2015   025.21 BRO 0000012595 10/13/2017 02/19/2022 Books